O Poder do Pensamento Positivo (Registo nº 14924)

Detalhes MARC
000 -Etiqueta do registo
Valores 00513nam a22001691i 4500
090 ## -
-- 14924
100 ## - Dados gerais de processamento
Dados gerais 20170304u u u0frey50 ba
101 0# - Língua de publicação
-- por
200 1# - Titulo e menção de responsabilidade
Primeira menção de responsabilidade M. R. Kopmeyer
Título próprio O Poder do Pensamento Positivo
215 ## - Descrição física 
Paginação / Volumes 391p
Dimensões 21cm
210 ## - Publicação
Nome do editor Brasilia
Local de publicação Porto
Data de publicação 1986
300 ## - Notas gerais 
Texto da nota Oferta de Margarida Rocha
700 #1 - Autor principal (pessoa individual)
Apelido Kopmeyer
Nome M. R.
-- 070
702 #1 - Autor secundário (pessoa individual)
Apelido Teixeira
Nome Teresa
-- 730
996 ## - ISO2709
-- 0018055
-- KOP
-- 00000000
-- 00000000
-- BMVA
-- 1
-- Viana do Alentejo
-- Psicologia
-- 25
-- Livro
-- 0
-- 1
990 ## - Elementos KOHA
Tipo de documento Livro
995 ## - Localização e informação dos exemplares
-- 25
Exemplares
Situação do levantamento Estado Biblioteca de origem Biblioteca de empréstimo Localização na Estante Código de barras Cota Permissão de empréstimo Tipo de documento
  Completo Biblioteca Municipal de Viana Do Alentejo Biblioteca Municipal de Viana Do Alentejo   0019222 KOP Disponível Livro




Powered by Koha